000 00433nam a2200133Ia 4500
008 151001s9999||||xx |||||||||||||| ||und||
100 _aपालेश्वर प्रसाद शर्मा
245 _aछत्तीसगड का सांस्कृतिक इतिहास
250 _a1
260 _bमित्तल एंड सन्स
260 _c2007
300 _a263
365 _b21
999 _c992577
_d992574